[Event "Mundial Juvenil 2005 s18"]
[Site "Belfort FRA"]
[Date "2005.07.23"]
[Round "5.4"]
[White "Tomashevsky, Evgeny"]
[Black "Ragger, Markus"]
[Result "1-0"]
[WhiteElo "2555"]
[BlackElo "2434"]
[PlyCount "89"]
[EventDate "2005.07.19"]
[EventType "swiss"]
[EventRounds "11"]
[EventCountry "FRA"]
[Source "lmi"]
[SourceDate "2005.07.31"]

1. c4 e6 2. Nf3 Nf6 3. g3 d5 4. b3 b6 5. Bg2 Bb7 6. O-O Be7 7. cxd5 Nxd5 8. Bb2
O-O 9. d4 Nf6 10. Nc3 Na6 11. a3 c5 12. e3 Rc8 13. Nb5 Nc7 14. a4 a6 15. Na3
Ncd5 16. Rc1 Nb4 17. Nc4 Bd5 18. Qe2 b5 19. axb5 axb5 20. Ncd2 Ne4 21. Qxb5
cxd4 22. Bxd4 Rb8 23. Qe2 Na2 24. Rc2 Nb4 25. Nxe4 Bxe4 26. Rd2 Qc8 27. Be5 Rb7
28. Ne1 Bxg2 29. Nxg2 Nc6 30. Rc2 Qe8 31. Qa6 Nd8 32. Rb1 Qb5 33. Qxb5 Rxb5 34.
Bd4 Nb7 35. Ne1 Na5 36. Rc7 Ba3 37. Nc2 Bb4 38. Nxb4 Rxb4 39. Bc5 Rxb3 40. Ra1
Rb5 41. Bxf8 Kxf8 42. Rd1 g6 43. Rdd7 Rf5 44. e4 Rf6 45. Rc5 1-0

[Event "Mundial Juvenil 2005 s18"]
[Site "Belfort FRA"]
[Date "2005.07.23"]
[Round "5.5"]
[White "Tukhaev, Adam"]
[Black "Wojtaszek, Radoslaw"]
[Result "1-0"]
[WhiteElo "2438"]
[BlackElo "2591"]
[PlyCount "51"]
[EventDate "2005.07.19"]
[EventType "swiss"]
[EventRounds "11"]
[EventCountry "FRA"]
[Source "lmi"]
[SourceDate "2005.07.31"]

1. e4 c5 2. Nf3 d6 3. d4 cxd4 4. Nxd4 Nf6 5. Nc3 a6 6. Bc4 e6 7. Bb3 b5 8. Bg5
Be7 9. Qf3 Qb6 10. O-O-O Nbd7 11. Rhe1 Nc5 12. Nf5 exf5 13. Bxf6 gxf6 14. Nd5
Qd8 15. exf5 Ra7 16. Qg4 Kf8 17. Re3 h5 18. Qf4 a5 19. a3 Nxb3+ 20. cxb3 Rc7+
21. Kb1 Kg7 22. Rg3+ Kf8 23. Re3 Kg7 24. Rde1 Bf8 25. Rg3+ Kh7 26. Re8 1-0

[Event "Mundial Juvenil 2005 s18"]
[Site "Belfort FRA"]
[Date "2005.07.23"]
[Round "5.7"]
[White "Papp, Gabor"]
[Black "Grigorov, Grigor"]
[Result "1/2-1/2"]
[WhiteElo "2474"]
[BlackElo "2400"]
[PlyCount "54"]
[EventDate "2005.07.19"]
[EventType "swiss"]
[EventRounds "11"]
[EventCountry "FRA"]
[Source "lmi"]
[SourceDate "2005.07.31"]

1. e4 c5 2. Nf3 Nc6 3. d4 cxd4 4. Nxd4 Nf6 5. Nc3 e5 6. Ndb5 d6 7. Bg5 a6 8.
Na3 b5 9. Nd5 Be7 10. Bxf6 Bxf6 11. c3 Bb7 12. Bd3 Ne7 13. Nxf6+ gxf6 14. Qe2
d5 15. O-O-O Qb6 16. Nc2 O-O-O 17. exd5 Nxd5 18. Be4 Nf4 19. Qf3 Kb8 20. g3
Bxe4 21. Qxe4 Nh3 22. Qe3 Qxe3+ 23. fxe3 Nf2 24. Rxd8+ Rxd8 25. Rf1 Nd3+ 26.
Kb1 Nc5 27. Kc1 Nd3+ 1/2-1/2

[Event "Mundial Juvenil 2005 s18"]
[Site "Belfort FRA"]
[Date "2005.07.23"]
[Round "5.8"]
[White "Amin, Bassem"]
[Black "Deepan Chakkravarthy"]
[Result "1-0"]
[WhiteElo "2400"]
[BlackElo "2465"]
[PlyCount "87"]
[EventDate "2005.07.19"]
[EventType "swiss"]
[EventRounds "11"]
[EventCountry "FRA"]
[Source "lmi"]
[SourceDate "2005.07.31"]

1. e4 c5 2. Nf3 Nc6 3. d3 d6 4. g3 Nf6 5. Bg2 g6 6. O-O Bg7 7. c3 O-O 8. Re1 e5
9. a3 h6 10. b4 Be6 11. Nbd2 Qc7 12. Bb2 b6 13. d4 Bg4 14. h3 Bxf3 15. Nxf3
Rad8 16. bxc5 bxc5 17. dxc5 dxc5 18. Qe2 Nd7 19. Bc1 Qa5 20. Qc2 Nb6 21. a4 Rc8
22. Bf1 c4 23. Be3 Rfd8 24. Bxb6 Qxb6 25. Bxc4 Na5 26. Bd5 Kh7 27. Rab1 Qc7 28.
c4 Rxd5 29. exd5 Nxc4 30. Nd2 Nxd2 31. Qxd2 Qd7 32. Red1 Rc4 33. Qb2 Qxh3 34.
Qb3 Rc7 35. d6 Rd7 36. Rbc1 h5 37. Qf3 Bf8 38. Rc7 Qe6 39. Qc6 Rxc7 40. Qxc7 h4
41. d7 hxg3 42. d8=Q gxf2+ 43. Kh2 Bh6 44. Qcc8 1-0

[Event "Mundial Juvenil 2005 s18"]
[Site "Belfort FRA"]
[Date "2005.07.23"]
[Round "5.9"]
[White "Milman, Lev"]
[Black "Khusnutdinov, Rustam"]
[Result "0-1"]
[WhiteElo "2459"]
[BlackElo "2354"]
[PlyCount "86"]
[EventDate "2005.07.19"]
[EventType "swiss"]
[EventRounds "11"]
[EventCountry "FRA"]
[Source "lmi"]
[SourceDate "2005.07.31"]

1. e4 c5 2. Nf3 Nc6 3. d4 cxd4 4. Nxd4 e5 5. Nb5 d6 6. c4 Be6 7. N1c3 a6 8. Na3
Nf6 9. Be2 Be7 10. O-O O-O 11. Be3 Rc8 12. Qd2 h6 13. Rab1 Ne8 14. g3 f5 15.
exf5 Bxf5 16. Bd3 Bh3 17. Rfe1 Nf6 18. Nd5 Ng4 19. Bb6 Qd7 20. Bc2 Bd8 21. Qd3
g5 22. Qg6+ Qg7 23. Be3 Qxg6 24. Bxg6 Nd4 25. Be4 Nf3+ 26. Bxf3 Rxf3 27. b4 Nf6
28. Nxf6+ Bxf6 29. Red1 Be7 30. c5 dxc5 31. bxc5 Bxc5 32. Bxc5 Rxc5 33. Rxb7
Rd3 34. Rb8+ Kg7 35. Rb7+ Kg6 36. Rb6+ Kh5 37. g4+ Kxg4 38. f3+ Rxf3 39. Rxa6
Kh5 40. Ra4 Rd5 41. Re1 Rd2 42. Nc4 Rg2+ 43. Kh1 Re2 0-1

[Event "Mundial Juvenil 2005 s18"]
[Site "Belfort FRA"]
[Date "2005.07.23"]
[Round "5.11"]
[White "Moranda, Wojciech"]
[Black "Alsina Leal, Daniel"]
[Result "1-0"]
[WhiteElo "2453"]
[BlackElo "2322"]
[PlyCount "79"]
[EventDate "2005.07.19"]
[EventType "swiss"]
[EventRounds "11"]
[EventCountry "FRA"]
[Source "lmi"]
[SourceDate "2005.07.31"]

1. c4 Nf6 2. Nc3 e5 3. Nf3 Nc6 4. g3 Bc5 5. Bg2 d6 6. O-O Be6 7. d3 a6 8. h3
Qd7 9. Kh2 h5 10. e4 h4 11. Nxh4 O-O-O 12. Nd5 Rxh4 13. gxh4 Rh8 14. Bg5 Ng8
15. f4 f6 16. f5 Bf7 17. Bd2 Rxh4 18. b4 Bd4 19. Rb1 Nge7 20. Ne3 Bxe3 21. Bxe3
Nd4 22. b5 axb5 23. cxb5 d5 24. Qa4 Kb8 25. Bxd4 exd4 26. Qxd4 Nxf5 27. Qf2
Qd6+ 28. Kg1 Ng3 29. Rfe1 Qf4 30. b6 Qxf2+ 31. Kxf2 Nh5 32. bxc7+ Kxc7 33. exd5
Kd6 34. Rb6+ Kc5 35. Reb1 Nf4 36. d6 Nxg2 37. R1b5+ Kd4 38. d7 Rh8 39. Rd6+ Kc3
40. Rc5+ 1-0

[Event "Mundial Juvenil 2005 s18"]
[Site "Belfort FRA"]
[Date "2005.07.23"]
[Round "5.12"]
[White "Margvelashvili, Giorgi"]
[Black "Romanov, Evgeny"]
[Result "1/2-1/2"]
[WhiteElo "2353"]
[BlackElo "2451"]
[PlyCount "66"]
[EventDate "2005.07.19"]
[EventType "swiss"]
[EventRounds "11"]
[EventCountry "FRA"]
[Source "lmi"]
[SourceDate "2005.07.31"]

1. Nf3 Nf6 2. c4 c5 3. Nc3 e6 4. g3 Nc6 5. Bg2 d5 6. cxd5 exd5 7. d4 Be7 8. O-O
O-O 9. dxc5 Bxc5 10. Na4 Be7 11. Be3 Ne4 12. Nd4 Bd7 13. Nb3 Bf5 14. Nac5 b6
15. Nxe4 Bxe4 16. Bxe4 dxe4 17. Qc2 Qd5 18. Rad1 Qe6 19. Nd4 Nxd4 20. Rxd4 f5
21. Qb3 Qxb3 22. axb3 Bc5 23. Rd7 Bxe3 24. fxe3 Rf7 25. Rd4 Rc8 26. Kf2 g6 27.
Rc4 Rfc7 28. Rfc1 Rxc4 29. bxc4 a5 30. b3 Kf7 31. Rd1 Ke6 32. Ke1 g5 33. Rd5 a4
1/2-1/2

[Event "Mundial Juvenil 2005 s18"]
[Site "Belfort FRA"]
[Date "2005.07.23"]
[Round "5.13"]
[White "Netzer, Jean"]
[Black "Bitelmajer, Martin"]
[Result "1/2-1/2"]
[WhiteElo "2378"]
[BlackElo "2243"]
[PlyCount "94"]
[EventDate "2005.07.19"]
[EventType "swiss"]
[EventRounds "11"]
[EventCountry "FRA"]
[Source "lmi"]
[SourceDate "2005.07.31"]

1. e4 e5 2. Nf3 Nc6 3. Bb5 a6 4. Bxc6 dxc6 5. O-O f6 6. d4 exd4 7. Nxd4 c5 8.
Nb3 Qxd1 9. Rxd1 Bd7 10. Bf4 O-O-O 11. Nc3 Bc6 12. Rxd8+ Kxd8 13. Na5 Ne7 14.
Rd1+ Kc8 15. Nxc6 Nxc6 16. Kf1 Be7 17. Nd5 Bd8 18. f3 Rf8 19. Ne3 Nd4 20. c3
Ne6 21. Bg3 g6 22. Rd5 Be7 23. h3 Ng7 24. Bf4 Ne6 25. Bh2 Rf7 26. g4 Bf8 27. h4
b5 28. b3 b4 29. cxb4 Nd4 30. bxc5 Nxf3 31. Bg3 c6 32. Rd3 Bxc5 33. Nc4 Ne5 34.
Nxe5 fxe5+ 35. Ke2 Bd4 36. Rf3 Rxf3 37. Kxf3 h5 38. gxh5 gxh5 39. Bf2 c5 40.
Be1 Kd7 41. Ke2 Kc6 42. Kd3 Bg1 43. Kc4 Be3 44. Ba5 Bf2 45. Bd8 Be1 46. a3 Bd2
47. Bf6 Be1 1/2-1/2

[Event "Mundial Juvenil 2005 s18"]
[Site "Belfort FRA"]
[Date "2005.07.23"]
[Round "5.14"]
[White "Brkic, Ante"]
[Black "Meng, Fanhao"]
[Result "1-0"]
[WhiteElo "2477"]
[BlackElo "2270"]
[PlyCount "109"]
[EventDate "2005.07.19"]
[EventType "swiss"]
[EventRounds "11"]
[EventCountry "FRA"]
[Source "lmi"]
[SourceDate "2005.07.31"]

1. e4 Nf6 2. e5 Nd5 3. d4 d6 4. Nf3 Bg4 5. Be2 e6 6. c3 Be7 7. h3 Bf5 8. O-O
O-O 9. Qb3 Nb6 10. a4 a5 11. exd6 cxd6 12. Bf4 N8d7 13. Rd1 Nd5 14. Bh2 h6 15.
Na3 N7f6 16. Nd2 Rb8 17. Nb5 g5 18. Qa3 Ne8 19. Bf3 Nf4 20. c4 Nc7 21. Qe3 Nxb5
22. axb5 Bc2 23. Rdc1 Bg6 24. Rd1 Bc2 25. Rf1 Bg6 26. Nb3 b6 27. Bxf4 gxf4 28.
Qxf4 Bg5 29. Qg3 Bh4 30. Qh2 Bd3 31. Rfc1 d5 32. cxd5 Bxb5 33. dxe6 a4 34. Qe5
axb3 35. exf7+ Rxf7 36. Qxb5 Kh8 37. Qxb3 Rc7 38. Rxc7 Qxc7 39. Qe6 Qg7 40. Rc1
Rf8 41. Rc8 Bxf2+ 42. Kxf2 Qxd4+ 43. Ke1 Qb4+ 44. Rc3 Qh4+ 45. Kf1 Qg5 46. Rc8
Qb5+ 47. Kg1 Rxc8 48. Qxc8+ Kg7 49. Qc7+ Kh8 50. Qd8+ Kg7 51. Qe7+ Kg8 52. Bg4
h5 53. Be6+ Kh8 54. Qf8+ Kh7 55. Bf5+ 1-0

[Event "Mundial Juvenil 2005 s18"]
[Site "Belfort FRA"]
[Date "2005.07.23"]
[Round "5.15"]
[White "Bogosavljevic, Boban"]
[Black "Sengupta, Deep"]
[Result "1/2-1/2"]
[WhiteElo "2302"]
[BlackElo "2414"]
[PlyCount "182"]
[EventDate "2005.07.19"]
[EventType "swiss"]
[EventRounds "11"]
[EventCountry "FRA"]
[Source "lmi"]
[SourceDate "2005.07.31"]

1. Nf3 c5 2. c4 b6 3. g3 Bb7 4. Bg2 Nf6 5. O-O e6 6. Nc3 Be7 7. Re1 d6 8. e3
O-O 9. b3 Nbd7 10. Bb2 Rc8 11. Rc1 Re8 12. d4 cxd4 13. Nxd4 Bxg2 14. Kxg2 a6
15. e4 Qc7 16. f3 Bf8 17. Nc2 Red8 18. Ne3 Qb7 19. Qe2 Ne5 20. Red1 h5 21. h4
Be7 22. Rd2 Ng6 23. Rcd1 Ne8 24. Qf2 b5 25. cxb5 axb5 26. Qf1 b4 27. Na4 Rc6
28. Rc1 Ra6 29. Rdc2 Rda8 30. Qe1 Ra5 31. Rc4 d5 32. exd5 exd5 33. Rc6 Bf6 34.
Bxf6 Nxf6 35. Nf5 d4 36. Nxd4 Ne5 37. Nc5 Rxa2+ 38. Kf1 Qb8 39. Rxf6 gxf6 40.
Qe3 Qc8 41. g4 Ra1 42. Nf5 Qc7 43. gxh5 Rxc1+ 44. Qxc1 Qa7 45. Qh6 Qa1+ 46. Kg2
Ra2+ 47. Kg3 Qg1+ 48. Kf4 Qc1+ 49. Ke4 Qc2+ 50. Kf4 Qd2+ 51. Ke4 Qe2+ 52. Qe3
Qc2+ 53. Nd3 Qc6+ 54. Kf4 Nxd3+ 55. Qxd3 Qc7+ 56. Nd6 Qc5 57. Ne4 Qe5+ 58. Ke3
Ra8 59. f4 Qf5 60. Qd5 Qxd5 61. Nxf6+ Kg7 62. Nxd5 Ra3 63. Nxb4 Rxb3+ 64. Nd3
f5 65. Kd4 Kf6 66. h6 Rb7 67. Nc5 Rh7 68. Kd5 Rxh6 69. Nd7+ Ke7 70. Nc5 Rb6 71.
h5 Rb4 72. Nd3 Rb8 73. Nc5 Kf6 74. Kd6 Rb6+ 75. Kd5 Rb4 76. Nd7+ Ke7 77. Ne5
Rb6 78. Nc6+ Kf6 79. Ne5 Rb5+ 80. Kd6 Rb4 81. Nd7+ Kf7 82. Ke5 Rb7 83. Nf6 Rb5+
84. Nd5 Ra5 85. Kd6 Kg7 86. Ke6 Kh6 87. Nf6 Rb5 88. Kd6 Kg7 89. Nd5 Rb1 90. Ke6
Rd1 91. Nc7 Kh6 1/2-1/2

[Event "Mundial Juvenil 2005 s18"]
[Site "Belfort FRA"]
[Date "2005.07.23"]
[Round "5.16"]
[White "Porat, Ido"]
[Black "Hungaski, Roberto"]
[Result "0-1"]
[WhiteElo "2354"]
[BlackElo "2308"]
[PlyCount "86"]
[EventDate "2005.07.19"]
[EventType "swiss"]
[EventRounds "11"]
[EventCountry "FRA"]
[Source "lmi"]
[SourceDate "2005.07.31"]

1. d4 d5 2. Nf3 Nf6 3. c4 e6 4. g3 dxc4 5. Bg2 Nc6 6. O-O Rb8 7. Nc3 a6 8. e4
Be7 9. Qe2 b5 10. Rd1 Bb7 11. d5 exd5 12. e5 Nxe5 13. Nxe5 O-O 14. Ng4 Re8 15.
Be3 c6 16. Bd4 Nd7 17. f4 b4 18. Na4 c5 19. Bf2 Qa5 20. Qc2 d4 21. Bxb7 Rxb7
22. b3 c3 23. a3 Reb8 24. axb4 Qxb4 25. Be1 Bd6 26. Nf2 Qxb3 27. Qxb3 Rxb3 28.
Rac1 R8b7 29. Nd3 Be7 30. Ra1 c2 31. Rdc1 Rxd3 32. Rxc2 Rdb3 33. Raa2 d3 34.
Rc4 Bf6 35. Bd2 Bd4+ 36. Kg2 h5 37. Kf3 f5 38. h3 Rb1 39. Kg2 Rg1+ 40. Kh2 Rbb1
41. Nc3 Rh1+ 42. Kg2 Rbg1+ 43. Kf3 Rxh3 0-1

[Event "Mundial Juvenil 2005 s18"]
[Site "Belfort FRA"]
[Date "2005.07.23"]
[Round "5.17"]
[White "Cifka, Stanislav"]
[Black "Hoang, Tri"]
[Result "1-0"]
[WhiteElo "2347"]
[BlackElo "2207"]
[PlyCount "57"]
[EventDate "2005.07.19"]
[EventType "swiss"]
[EventRounds "11"]
[EventCountry "FRA"]
[Source "lmi"]
[SourceDate "2005.07.31"]

1. e4 e5 2. Nf3 Nf6 3. Nxe5 d6 4. Nf3 Nxe4 5. Nc3 Nxc3 6. dxc3 Be7 7. Bf4 Nc6
8. Qd2 Be6 9. O-O-O Qd7 10. Bb5 a6 11. Ba4 b5 12. Bb3 O-O 13. Rhe1 Bxb3 14.
axb3 a5 15. Qd5 b4 16. Qb5 Bf6 17. Re4 Rab8 18. Qa4 Rb6 19. Be3 Ra6 20. cxb4
Rfa8 21. Rc4 Ne5 22. Qxd7 Nxd7 23. Rxc7 Ne5 24. Nxe5 Bxe5 25. b5 a4 26. bxa4
Rxa4 27. c3 f6 28. b6 f5 29. Bd4 1-0

[Event "Mundial Juvenil 2005 s18"]
[Site "Belfort FRA"]
[Date "2005.07.23"]
[Round "5.18"]
[White "Arngrimsson, Dagur"]
[Black "Safarli, Eltaj"]
[Result "0-1"]
[WhiteElo "2294"]
[BlackElo "2335"]
[PlyCount "80"]
[EventDate "2005.07.19"]
[EventType "swiss"]
[EventRounds "11"]
[EventCountry "FRA"]
[Source "lmi"]
[SourceDate "2005.07.31"]

1. e4 c5 2. c3 d5 3. exd5 Qxd5 4. d4 Nf6 5. Nf3 Nc6 6. dxc5 Qxc5 7. Na3 Qa5 8.
Bf4 e6 9. Nc4 Qf5 10. Qa4 Qe4+ 11. Be3 Rb8 12. Ng5 Qf5 13. Qb3 Nd5 14. Nf3 b5
15. Nd4 Nxd4 16. Bxd4 Be7 17. Ne3 Nxe3 18. fxe3 O-O 19. O-O-O Bb7 20. Qxb5 Bd5
21. Qa4 Bg5 22. h4 Qf2 23. Rd2 Bxe3 24. Bxe3 Qxe3 25. Qd1 Qg3 26. Rh3 Qf4 27.
Kb1 Rbd8 28. Ka1 Bb3 29. Rxd8 Bxd1 30. Rxd1 Rb8 31. Rf3 Qxh4 32. g3 Qa4 33. b3
Qc6 34. Bg2 g6 35. Rd2 a5 36. Kb2 Qc7 37. Rfd3 Qe5 38. g4 Rb4 39. g5 Rh4 40.
Bc6 Qxg5 0-1

[Event "Mundial Juvenil 2005 s18"]
[Site "Belfort FRA"]
[Date "2005.07.23"]
[Round "5.19"]
[White "Wen, Yang"]
[Black "Vovk, Ilja"]
[Result "1-0"]
[WhiteElo "2327"]
[BlackElo "2127"]
[PlyCount "73"]
[EventDate "2005.07.19"]
[EventType "swiss"]
[EventRounds "11"]
[EventCountry "FRA"]
[Source "lmi"]
[SourceDate "2005.07.31"]

1. e4 c5 2. Nc3 a6 3. Nf3 d6 4. d4 cxd4 5. Nxd4 Nf6 6. Be2 e5 7. Nb3 Be7 8. g4
Be6 9. g5 Nfd7 10. h4 Nb6 11. f4 exf4 12. Bxf4 h6 13. Rg1 hxg5 14. hxg5 Nc6 15.
Qd2 Ne5 16. O-O-O Qc7 17. Kb1 O-O-O 18. Nd5 Nxd5 19. exd5 Bf5 20. Rg3 Rh3 21.
Rxh3 Bxh3 22. Nd4 g6 23. Rg1 Rh8 24. Rh1 Kb8 25. Qe3 Nc4 26. Rxh3 Nxe3 27.
Rxh8+ Bd8 28. Bxe3 Qe7 29. Ne6 b5 30. Rxd8+ Kb7 31. Bf3 b4 32. Bd4 f5 33. Bf6
Qh7 34. Rh8 Qd7 35. Rf8 Qb5 36. Kc1 Qf1+ 37. Bd1 1-0

[Event "Mundial Juvenil 2005 s18"]
[Site "Belfort FRA"]
[Date "2005.07.23"]
[Round "5.20"]
[White "Andrejevs, Arvids"]
[Black "Bosiocic, Marin"]
[Result "1/2-1/2"]
[WhiteElo "1599"]
[BlackElo "2381"]
[PlyCount "76"]
[EventDate "2005.07.19"]
[EventType "swiss"]
[EventRounds "11"]
[EventCountry "FRA"]
[Source "lmi"]
[SourceDate "2005.07.31"]

1. e4 e5 2. Nf3 Nc6 3. Nc3 Nf6 4. Bb5 Bb4 5. O-O O-O 6. d3 Bxc3 7. bxc3 d6 8.
Bg5 Qe7 9. Re1 Nd8 10. d4 Ne6 11. Bc1 c5 12. a4 Rd8 13. Qe2 Nf8 14. Nh4 a6 15.
Bc4 d5 16. exd5 Nxd5 17. Bxd5 Rxd5 18. Qe4 Qe6 19. dxe5 Bd7 20. Bf4 Bc6 21. Qf5
h6 22. Bc1 Re8 23. Qxe6 Rxe6 24. f4 f6 25. Nf3 fxe5 26. c4 Rd8 27. Rxe5 Rg6 28.
Kf2 Nd7 29. Re2 Nf6 30. Bb2 Rf8 31. Ke1 Bxf3 32. gxf3 Nh5 33. Kf2 Rxf4 34. Re8+
Kh7 35. Re4 Rf5 36. Rd1 Nf4 37. Rd7 Nh3+ 38. Ke3 Ng1 1/2-1/2

[Event "Mundial Juvenil 2005 s18"]
[Site "Belfort FRA"]
[Date "2005.07.24"]
[Round "6.1"]
[White "Vitiugov, Nikita"]
[Black "Bluvshtein, Mark"]
[Result "1-0"]
[WhiteElo "2519"]
[BlackElo "2525"]
[PlyCount "145"]
[EventDate "2005.07.19"]
[EventType "swiss"]
[EventRounds "11"]
[EventCountry "FRA"]
[Source "lmi"]
[SourceDate "2005.07.31"]

1. d4 Nf6 2. c4 e6 3. Nf3 b6 4. a3 Bb7 5. Nc3 g6 6. Qc2 Bg7 7. e4 d6 8. Be2 O-O
9. O-O Nbd7 10. Be3 Qe7 11. Rad1 Nh5 12. Ne1 f5 13. exf5 Rxf5 14. Bg4 Rff8 15.
d5 e5 16. Nf3 Nf4 17. Bxf4 Rxf4 18. Be6+ Kh8 19. Nd2 Nc5 20. Bh3 Rh4 21. b4
Rxh3 22. bxc5 Rh4 23. cxd6 Qxd6 24. Nb5 Qe7 25. g3 Rh5 26. Ne4 Qf7 27. c5 bxc5
28. Nxc5 Bc8 29. d6 Bf5 30. Qe2 cxd6 31. Nxd6 Qe7 32. Qc4 Bf8 33. Rfe1 Qf6 34.
Nd7 Qe6 35. Qxe6 Bxe6 36. Nf6 Rh6 37. Rxe5 Bb3 38. Rd3 Ba2 39. h4 g5 40. hxg5
Rg6 41. Rd2 Bb3 42. Nde4 Bxa3 43. Rd3 Rb8 44. Ra5 Bf8 45. Rxa7 Rg7 46. Rxg7
Bxg7 47. Rd7 Ba4 48. Rc7 Rf8 49. Nc5 Bxf6 50. gxf6 Be8 51. Rc8 Rg8 52. Ne4 h6
53. Nd6 Bh5 54. Rxg8+ Kxg8 55. Kg2 Kh7 56. f3 Bg6 57. f4 Bc2 58. f5 Bd1 59. Kf2
Kg8 60. Ke3 Bb3 61. Kf4 Bc2 62. Ke5 Bb3 63. Ne4 Kf7 64. Nc5 Bc2 65. Ne6 Bd1 66.
Nd8+ Kf8 67. f7 Ke7 68. f8=Q+ Kxf8 69. Kf6 Bh5 70. Ne6+ Kg8 71. Ke7 Bg4 72. Nd4
Be2 73. Nxe2 1-0

[Event "Mundial Juvenil 2005 s18"]
[Site "Belfort FRA"]
[Date "2005.07.24"]
[Round "6.6"]
[White "Khusnutdinov, Rustam"]
[Black "Moranda, Wojciech"]
[Result "1/2-1/2"]
[WhiteElo "2354"]
[BlackElo "2453"]
[PlyCount "40"]
[EventDate "2005.07.19"]
[EventType "swiss"]
[EventRounds "11"]
[EventCountry "FRA"]
[Source "lmi"]
[SourceDate "2005.07.31"]

1. Nf3 g6 2. c4 Bg7 3. Nc3 c5 4. e3 Nf6 5. d4 O-O 6. b3 cxd4 7. Nxd4 d5 8. Bb2
Qa5 9. Qd2 e5 10. Nf3 dxc4 11. Bxc4 Nc6 12. Nb5 Qxd2+ 13. Nxd2 a6 14. Nd6 b5
15. Be2 Rd8 16. Nxc8 Raxc8 17. a3 Na5 18. Rc1 Rxc1+ 19. Bxc1 Rc8 20. O-O Nd5
1/2-1/2

[Event "Mundial Juvenil 2005 s18"]
[Site "Belfort FRA"]
[Date "2005.07.24"]
[Round "6.7"]
[White "Grigorov, Grigor"]
[Black "Brkic, Ante"]
[Result "1/2-1/2"]
[WhiteElo "2400"]
[BlackElo "2477"]
[PlyCount "52"]
[EventDate "2005.07.19"]
[EventType "swiss"]
[EventRounds "11"]
[EventCountry "FRA"]
[Source "lmi"]
[SourceDate "2005.07.31"]

1. d4 Nf6 2. c4 e6 3. Nc3 Bb4 4. Qc2 O-O 5. a3 Bxc3+ 6. Qxc3 d6 7. Bg5 Nbd7 8.
e3 b6 9. Ne2 Ba6 10. b4 c5 11. b5 Bb7 12. Qd3 Rc8 13. Nc3 cxd4 14. exd4 Qc7 15.
Rc1 Rfe8 16. Be2 h6 17. Bd2 d5 18. cxd5 Nxd5 19. O-O Nf4 20. Qg3 Nxe2+ 21. Nxe2
Qxg3 22. Nxg3 Nf6 23. Rxc8 Rxc8 24. Rc1 Rxc1+ 25. Bxc1 a6 26. bxa6 Bxa6 1/2-1/2

[Event "Mundial Juvenil 2005 s18"]
[Site "Belfort FRA"]
[Date "2005.07.24"]
[Round "6.9"]
[White "Safarli, Eltaj"]
[Black "Papp, Gabor"]
[Result "1/2-1/2"]
[WhiteElo "2335"]
[BlackElo "2474"]
[PlyCount "35"]
[EventDate "2005.07.19"]
[EventType "swiss"]
[EventRounds "11"]
[EventCountry "FRA"]
[Source "lmi"]
[SourceDate "2005.07.31"]

1. d4 c5 2. dxc5 e6 3. Nc3 Nf6 4. e4 Qa5 5. Bd3 Nc6 6. Nf3 Bxc5 7. O-O Qc7 8.
Qe2 Ng4 9. Nb5 Qb8 10. h3 h5 11. e5 Ngxe5 12. Nxe5 Nxe5 13. Bf4 d6 14. Rfe1 a6
15. Nxd6+ Bxd6 16. Bxe5 Bxe5 17. Qxe5 Qxe5 18. Rxe5 1/2-1/2

[Event "Mundial Juvenil 2005 s18"]
[Site "Belfort FRA"]
[Date "2005.07.24"]
[Round "6.10"]
[White "Romanov, Evgeny"]
[Black "Cifka, Stanislav"]
[Result "1-0"]
[WhiteElo "2451"]
[BlackElo "2347"]
[PlyCount "153"]
[EventDate "2005.07.19"]
[EventType "swiss"]
[EventRounds "11"]
[EventCountry "FRA"]
[Source "lmi"]
[SourceDate "2005.07.31"]

1. e4 c5 2. Nf3 e6 3. d4 cxd4 4. Nxd4 Nf6 5. Nc3 d6 6. g4 h6 7. h3 a6 8. Bg2
Qc7 9. O-O Nc6 10. Nde2 b5 11. a3 Bb7 12. Ng3 Be7 13. b3 Ne5 14. Bb2 g5 15. a4
b4 16. Na2 d5 17. exd5 Bxd5 18. Bxd5 Nxd5 19. Re1 Nc3 20. Nxc3 bxc3 21. Bc1 O-O
22. Qe2 Ng6 23. Qe4 Rae8 24. Nh5 Bd8 25. Ba3 f5 26. Qc4 Qxc4 27. bxc4 Rf7 28.
Re3 fxg4 29. hxg4 Nf4 30. Bd6 Nxh5 31. gxh5 Bf6 32. Rd1 Rb7 33. c5 Rb2 34. Re2
Rb4 35. c6 Rb6 36. c7 Kf7 37. Re4 Rc8 38. Rd3 Rb2 39. Rf3 Rxc2 40. Be5 Rc1+ 41.
Kg2 c2 42. Rxf6+ Ke7 43. Bb2 Rb1 44. Rexe6+ Kd7 45. Rd6+ Ke7 46. Rfe6+ Kf7 47.
Rxh6 c1=Q 48. Bxc1 Rxc1 49. Rh7+ Kg8 50. Rhd7 R1xc7 51. Rxc7 Rxc7 52. Rxa6 Kh7
53. Kf3 Rc4 54. Ke3 Rh4 55. h6 Rf4 56. f3 Rb4 57. Ke2 g4 58. fxg4 Rxg4 59. Kd3
Rg3+ 60. Kc4 Rg4+ 61. Kd5 Rg5+ 62. Kd4 Rg1 63. Kc4 Rg4+ 64. Kc5 Rg5+ 65. Kc6
Kxh6 66. Rb6 Kg7 67. Rb5 Rg6+ 68. Kb7 Kf8 69. a5 Rg7+ 70. Kb8 Rg8 71. a6 Ke7+
72. Kb7 Rd8 73. a7 Rd7+ 74. Ka6 Rd6+ 75. Rb6 Rd8 76. Rb8 Rd6+ 77. Kb5 1-0

[Event "Mundial Juvenil 2005 s18"]
[Site "Belfort FRA"]
[Date "2005.07.24"]
[Round "6.12"]
[White "Bitelmajer, Martin"]
[Black "Ragger, Markus"]
[Result "0-1"]
[WhiteElo "2243"]
[BlackElo "2434"]
[PlyCount "80"]
[EventDate "2005.07.19"]
[EventType "swiss"]
[EventRounds "11"]
[EventCountry "FRA"]
[Source "lmi"]
[SourceDate "2005.07.31"]

1. d4 Nf6 2. c4 e6 3. g3 d5 4. Bg2 c6 5. Nf3 dxc4 6. O-O b5 7. Bf4 Nbd7 8. b3
cxb3 9. Qxb3 Bb7 10. Nc3 Be7 11. Ne5 Qb6 12. Be3 Qa6 13. a4 b4 14. Na2 c5 15.
Nxd7 Nxd7 16. dxc5 Bxg2 17. Kxg2 Qb7+ 18. Kg1 a5 19. Rac1 Rc8 20. Qb2 O-O 21.
Bd4 f6 22. Qb3 Qa6 23. Qe3 e5 24. f4 Qe6 25. c6 Rxc6 26. Rxc6 Qxc6 27. fxe5
fxe5 28. Rxf8+ Kxf8 29. Bxe5 Nxe5 30. Qxe5 Qb6+ 31. Kf1 b3 32. Nc3 Bf6 33. Qb5
Qxb5 34. Nxb5 Ke7 35. e3 b2 36. Na3 Kd6 37. Ke2 Kc5 38. Kd2 Kb4 39. Nb1 Kxa4
40. Kc2 Kb4 0-1

[Event "Mundial Juvenil 2005 s18"]
[Site "Belfort FRA"]
[Date "2005.07.24"]
[Round "6.14"]
[White "Wojtaszek, Radoslaw"]
[Black "Michielsen, Joost"]
[Result "1-0"]
[WhiteElo "2591"]
[BlackElo "2320"]
[PlyCount "59"]
[EventDate "2005.07.19"]
[EventType "swiss"]
[EventRounds "11"]
[EventCountry "FRA"]
[Source "lmi"]
[SourceDate "2005.07.31"]

1. c4 e5 2. d3 Nc6 3. Nf3 g6 4. Nc3 Bg7 5. g3 d6 6. Bg2 h6 7. O-O f5 8. Rb1 Nf6
9. b4 O-O 10. b5 Ne7 11. Ne1 c6 12. bxc6 bxc6 13. Ba3 Be6 14. Qa4 Qc7 15. Nc2
Nd7 16. Qb4 Nc5 17. Na4 Rab8 18. Nxc5 Rxb4 19. Nxe6 Qc8 20. Nxb4 Qxe6 21. Nxc6
e4 22. Nxa7 exd3 23. exd3 f4 24. Nc6 Qd7 25. Nxe7+ Qxe7 26. Rbe1 Qd7 27. Bd5+
Kh7 28. Re6 Rf6 29. Rxf6 Bxf6 30. Rb1 1-0

[Event "Mundial Juvenil 2005 s18"]
[Site "Belfort FRA"]
[Date "2005.07.24"]
[Round "6.15"]
[White "Fier, Alexander Hilario T"]
[Black "Skoberne, Jure"]
[Result "1/2-1/2"]
[WhiteElo "2462"]
[BlackElo "2312"]
[PlyCount "115"]
[EventDate "2005.07.19"]
[EventType "swiss"]
[EventRounds "11"]
[EventCountry "FRA"]
[Source "lmi"]
[SourceDate "2005.07.31"]

1. e4 g6 2. d4 Bg7 3. Nc3 d6 4. Be3 c6 5. Nf3 b5 6. Qd2 Nd7 7. a4 b4 8. Na2
Ngf6 9. e5 dxe5 10. dxe5 Nd5 11. Bh6 Bxh6 12. Qxh6 Qa5 13. b3 Ba6 14. Qg7 O-O-O
15. Bxa6+ Qxa6 16. O-O-O Nc5 17. e6 f6 18. Rxd5 cxd5 19. Qxe7 Nxe6 20. Nxb4 Qb6
21. Qxf6 Rhe8 22. Nd3 Kb8 23. Re1 Rc8 24. Kb1 Nc5 25. Qf4+ Ka8 26. Rxe8 Rxe8
27. Qd4 Ne4 28. Qxd5+ Qb7 29. Qd4 Rc8 30. Kb2 Nc3 31. Nde5 Qc7 32. Ne1 Nd1+ 33.
Qxd1 Qxe5+ 34. Kb1 Qxh2 35. Qd5+ Kb8 36. Nd3 Qc7 37. Nb4 Qb7 38. Qd6+ Ka8 39.
f3 Qb6 40. Qd2 Rd8 41. Qc3 Qg1+ 42. Ka2 Qb6 43. Nd3 a5 44. Qe5 Rc8 45. Qd5+ Ka7
46. c4 Rd8 47. Qe4 Rb8 48. b4 axb4 49. Kb3 Qg1 50. Nb2 Qc5 51. a5 Rb7 52. Na4
Qg1 53. Nb2 Qe1 54. Qd4+ Ka8 55. Qd8+ Ka7 56. Qd4+ Ka8 57. Qd8+ Ka7 58. Qd4+
1/2-1/2